Loading...
Literature - American Literature | 0 | 10 | 0 | 3 | 100 | 34 | 123.50 | 1 | 2 |
Literature - European Literature | 0 | 9 | 2 | 1 | 80 | 72 | 117.44 | 0 | 2 |
Literature - British Literature | 0 | 7 | 0 | 0 | 70 | 86 | 122.43 | 0 | 1 |
History - European History | 0 | 5 | 1 | 1 | 45 | 100 | 125.40 | 0 | 1 |
History - Other History | 0 | 4 | 0 | 0 | 40 | 61 | 116.00 | 1 | 1 |
Literature - World Literature | 0 | 4 | 1 | 1 | 35 | 69 | 111.50 | 0 | 3 |
Fine Arts - Other Fine Arts | 0 | 3 | 0 | 1 | 30 | 98 | 114.00 | 0 | 0 |
Social Science | 0 | 3 | 1 | 1 | 25 | 45 | 93.67 | 0 | 1 |
Fine Arts - Painting & Sculpture | 0 | 3 | 1 | 1 | 25 | 54 | 110.33 | 0 | 1 |
Mythology | 0 | 3 | 1 | 0 | 25 | 70 | 114.00 | 0 | 1 |
Philosophy | 0 | 2 | 1 | 0 | 15 | 77 | 80.00 | 0 | 1 |
History - American History | 0 | 3 | 3 | 1 | 15 | 98 | 126.67 | 0 | 1 |
Religion | 0 | 2 | 1 | 0 | 15 | 102 | 111.50 | 0 | 0 |
History - World History | 0 | 3 | 3 | 1 | 15 | 63 | 115.67 | 0 | 1 |
Geography | 0 | 1 | 0 | 0 | 10 | 145 | 145.00 | 0 | 0 |
Fine Arts - Classical Music | 0 | 1 | 0 | 0 | 10 | 106 | 106.00 | 0 | 0 |
Science - Chemistry | 0 | 0 | 1 | 0 | -5 | 0.00 | 0 | 0 |